00727nam a22001937a 4500999001900000005001700019010001500036020002600051035001400077037000900091082001400100100002500114245006800139260003900207270009000246300004300336942002800379952012600407 c186891d18689120220322143639.0 aENG-132069 a9789391657017c795.00 aEN-115601 bDBAD a332.10954 aDhiman, Sanjay Kumar aWoman Development Through Micro Financing/cSanjay Kumar Dhiman aNew DelhibAryan Publicationc2021 a110,Gali no.4, Harphool Vihar,BapraulabNew Delhie110043maryanpublication@gmail.com axxiv,216pbIndex , Contentsc22cm(hbk) 2ddccENh332.10954mDHI 001040708NFICaBL1bBL1d2022-03-22eDBAD/PUBg795.00l0o333.10954 DHIpEN-115601r2022-03-22 00:00:00t1v795.00yEN